00621nam 22001813 450000100060000009000100000610000410001610100080005720000770006521000090014231700390015150000640019060600240025470000250027880100090030394200060031299501210031832537 a32537 a20260310d u||y0pory50 ba aeng aObservation and analysis of the surface Wind Over the OceanfG.Verploegh d1967 5Serviço Meteorológico Nacional aObservation and analysis of the surface Wind Over the Ocean xOceanografia923719 aVerploeghbG.923720 gISBD n0 104ESTANTE_2_PRAT_1_00000000000000052026-03-106735932510aIPMA_SEcIPMA_SEkEstante 2, Prat 1n2026-03-10o0rMON